5 Scenes, 1 Actor! VII Quiz Stats

 Plays Quiz Updated Jun 26, 2018

Score 0/22 Timer 07:00
3 Plays Today
% Correct
Anthony Hopkins
89%
Ian McKellen
81.9%
Jeff Goldblum
79.4%
Jim Carrey
77.7%
John Travolta
77.6%
Meryl Streep
76.5%
Kevin Costner
74%
Woody Harrelson
70.2%
Alec Baldwin
70.2%
Zoe Saldana
69.1%
Kevin Hart
69.1%
% Correct
Keira Knightley
64.2%
Marlon Brando
64.1%
Forest Whitaker
61.5%
Laurence Fishburne
60.9%
Glenn Close
58.5%
Seth Rogen
55.2%
Paul Newman
54.9%
Heath Ledger
47.2%
John Hurt
38.5%
Kenneth Branagh
37.7%
Eva Green
34.8%

You're not logged in!

Compare scores with friends on all Sporcle quizzes.
OR
Log In

Sporcle TV

Today on Sporcle TV


Watch our educational content, quiz creation guides, and fun videos on Sporcle TV.

Show Comments

Extras

Top Quizzes Today


Score Distribution

Your Account Isn't Verified!

In order to create a playlist on Sporcle, you need to verify the email address you used during registration. Go to your Sporcle Settings to finish the process.

Report this User

Report this user for behavior that violates our Community Guidelines.

Details: